01250nam a22002897a 4500003000400000005001700004008004100021040002200062082001800084100002500102245003000127260006000157300002100217366000800238490002700246505008000273505019400353505003600547650005500583650004700638650004800685650004300733650004500776650005600821650004700877700003600924OSt20230621090046.0221006b |||||||| |||| 00| 0 eng d cBiblioteca Lado V a709.05bG851a aGriffin, Timeeditor aArtforum/bInternacional/ aNew Yorkc1994bNew York editorial and business offices c26.5x27cma116p. espa aEnerov1994x0864-1315 tCOLUMNSaGlamour Wounds Books American Myths Real Life Rock Cyberbabble tFEATURESgJohnny in the City: Mike Leigh's Naked The Third Set: Nan Goldin and Dominique Nabokov Critical Reflections Mark Morrisroe Yasumasa Morimura Young at Art Hot Hype Openings tREVIEWSaFocus: Gerhard Richter 2Tesauro de Arte & ArquitecturaaARTE COMTEMPORANEO 2Tesauro de Arte & ArquitecturaaFOTOGRAFIA 2Tesauro de Arte & ArquitecturaaARTE VISUAL 2Tesauro de Arte & ArquitecturaaLIBROS 2Tesauro de Arte & ArquitecturaaNOTICIAS 2 Tesauro de Arte & ArquitecturaaARTE INTERNACIONAL 2 Tesauro de Arte & ArquitecturaaESCULTURA aNavarreta, Jose Antonioeeditor